Проектирование и исследование автоматизированных электроприводов: учебное пособие

Dades bibliogràfiques
Autor corporatiu: Томский политехнический университет
Idioma:rus
Publicat: Томск, Изд-во ТПУ, 2007-
Edició:2-е изд., перераб. и доп.
Col·lecció:Учебники Томского политехнического университета
Format: MixedMaterials Llibre
KOHA link:https://koha.lib.tpu.ru/cgi-bin/koha/opac-detail.pl?biblionumber=136980

MARC

LEADER 00000nam1a2200000 4500
001 136980
005 20250414120646.0
035 |a (RuTPU)RU\TPU\book\148466 
035 |a RU\TPU\book\39432 
090 |a 136980 
100 |a 20080430d2007 m y0rusy50 ca 
101 0 |a rus 
102 |a RU 
200 1 |a Проектирование и исследование автоматизированных электроприводов  |e учебное пособие  |f Л. С. Удут, О. П. Мальцева, Н. В. Кояин  |g Томский политехнический университет 
205 |a 2-е изд., перераб. и доп. 
210 |a Томск  |c Изд-во ТПУ  |d 2007-  
225 1 |a Учебники Томского политехнического университета 
712 0 2 |a Томский политехнический университет  |3 (RuTPU)RU\TPU\col\376 
801 1 |a RU  |b 63413507  |c 20020313  |g PSBO 
801 2 |a RU  |b 63413507  |c 20160531  |g PSBO 
850 |a 63413507 
942 |c BK